• 首页
  • 本馆介绍
  • 公告通知
  • 最新文献
  • 馆藏检索
  • 电子资源
  • 读者导购
  • 参考咨询
  • 我的图书馆
  • 登录
  • 详细信息显示
  • 放入我的书架
  • 预约/预借图书
  • 作者相关作品
  • 分类相关作品
  • 丛书相关作品
  • 出版社相关作品

书目信息

  • 表格格式
  • 工作单格式
  • 卡片格式
题名:
电子管电路基础
    
 
作者: ;广东省邮电管理局电子管电路基础编写组 编
分册:  
出版信息: 北京   人民邮电出版社  1976
页数: 214页
开本: 19cm
丛书名: 电信技术基础自学丛书
单 册:
中图分类: TN701
科图分类:
主题词: 电子电路
电子资源:
ISBN:
000 00770nam2 2200241 45
001 0176001091
005 20070710142129.29
010    @dCNY0.56
100    @a19951012d1976 em y0chiy0121 ea
101 0  @achi
102    @aCN@b110000
105    @ay z 000yy
200 10 @a电子管电路基础@Adian zi guan dian lu ji chu@f广东省邮电管理局《电子管电路基础》编写组编
210    @a北京@c人民邮电出版社@d1976
215    @a214页@d19cm
225 2  @a电信技术基础自学丛书
410  0 @120010@a电信技术基础自学丛书
606    @a电子电路
690    @aTN701@v3
711 02 @a广东省邮电管理局电子管电路基础编写组@Aguang dong sheng you dian guan li ju dian zi guan dian lu ji chu bian xie zu@4编
801  2 @aCN@bNLC@c20070710
801  0 @aCN@bTSSF@c20060726
905    @dTN701@e179
    
    电子管电路基础/广东省邮电管理局《电子管电路基础》编写组编.-北京:人民邮电出版社,1976
    214页;19cm.-(电信技术基础自学丛书)
    
    
    ISBN :CNY0.56
    
●
相关链接 在E读中查询图书 在五车中查询图书 在当当中查询图书 在豆瓣中查询图书


正题名:电子管电路基础     索取号:TN701/179         预约/预借

序号 登录号 条形码 馆藏地/架位号 状态 备注
1 0437319   204373196   密集书库/ [索取号:TN701/179] 在馆    
2 0437320   204373203   密集书库/ [索取号:TN701/179] 在馆    
3 0437480   204374809   密集书库/ [索取号:TN701/179] 在馆    
4 0438003   204380035   密集书库/ [索取号:TN701/179] 在馆    
5 0438004   204380044   密集书库/ [索取号:TN701/179] 在馆    
6 0438005   204380053   密集书库/ [索取号:TN701/179] 在馆    
7 0438006   204380062   密集书库/ [索取号:TN701/179] 在馆    
8 0438528   204385281   密集书库/ [索取号:TN701/179] 在馆    
9 0767907   207679074   密集书库/ [索取号:TN701/179] 在馆    
唐山师范学院图书馆 欢迎您!
大连网信软件有限公司© 版权所有